| 000 | 01244 a2200205 4500 | ||
|---|---|---|---|
| 001 | 21691 | ||
| 005 | 20260407155507.0 | ||
| 008 | 260407a1979 arg spa d | ||
| 003 | AR-UNSa-BCEJYS | ||
| 040 |
_aAR-UNSa-BCEJYS _bspa _cAR-UNSa-BCEJYS |
||
| 080 |
_a347.72 _xSociedades comerciales |
||
| 245 | 1 | 0 | _aAdministración societaria |
| 264 | 1 |
_aBuenos Aires : _bAbaco _c1979 |
|
| 300 |
_a480 p. _c23 cm. |
||
| 505 | _a1. Antecedentes - 2. Administración y acto de administración - 3. Funciones de gestión operativa y empresaria - 4. Funciones de gestión operativa y empresaria - 5. Funciones de gestión operativa y empresaria - 6. Funciones de cogetión societaria - 7. Función de representación - 8. El directorio(1ºparte) - 9. El directorio (2ºparte)- 10. El directorio(3ºparte) - 11. El directorio (4º parte) - 12. El directorio(5º parte) - 13. El consejo de vigilancia.el comite ejecutivo.el gerente - 14. El administrador de la sociedad colectiva - 15. El administrador en los restantes tipos societarios. | ||
| 942 | _cBK | ||
| 590 | _aniveau_biblio:m niveau_hierar:0 | ||
| 100 | 1 | _aOtaegui, Julio C. | |
| 856 | 4 | 1 |
_uhttps://biblioeco.unsa.edu.ar/pmb/images/libros/Administraci?n Societaria.jpg _yImagen de portada _qimage/jpeg |
| 999 |
_c849 _d849 |
||